|
|
|
|
| LEADER |
02330nam a2200577 a 4500 |
| 001 |
nkc20081790788 |
| 003 |
CZ PrNK |
| 005 |
20080529102511.0 |
| 007 |
ta |
| 008 |
080208s2007 xr a d f 000 j cze |
| 015 |
|
|
|a cnb001790788
|
| 020 |
|
|
|a 978-80-7368-339-9
|q (brož.)
|
| 035 |
|
|
|a (OCoLC)228780587
|
| 040 |
|
|
|a OLA001
|b cze
|d ABA001
|
| 072 |
|
7 |
|a 316.4/.7
|x Sociální interakce. Sociální komunikace
|2 Konspekt
|9 18
|
| 072 |
|
7 |
|a 0/9-053.2
|x Literatura pro děti a mládež (naučná)
|2 Konspekt
|9 26
|
| 080 |
|
|
|a 316.61
|2 MRF
|
| 080 |
|
|
|a 171
|2 MRF
|
| 080 |
|
|
|a 364-212
|2 MRF
|
| 080 |
|
|
|a (0:82-32)
|2 MRF
|
| 080 |
|
|
|a (0.053.6)
|2 MRF
|
| 080 |
|
|
|a (035)
|2 MRF
|
| 100 |
1 |
|
|a Svoboda, Jan,
|d 1957-
|7 jn20000620348
|4 aut
|
| 245 |
1 |
0 |
|a Čtení pro ty, kteří si chtějí číst, čtení pro ty, kteří chtějí naslouchat :
|b podpora vzdělanosti dětí v zařízeních institucionální péče /
|c Jan Svoboda
|
| 246 |
3 |
0 |
|a Podpora vzdělanosti dětí v zařízeních institucionální péče
|
| 250 |
|
|
|a Vyd. 1.
|
| 260 |
|
|
|a Ostrava :
|b Ostravská univerzita v Ostravě,
|c 2007
|
| 300 |
|
|
|a 68 s. :
|b barev. il. ;
|c 30 cm
|
| 490 |
1 |
|
|a Ústavy
|
| 500 |
|
|
|a Číslo projektu CZ.04.1.03/3.1.15.2/0267, řešitel projektu Ostravská univerzita v Ostravě
|
| 521 |
8 |
|
|a Studijní materiály pro kurz Život mimo ústavní zařízení
|
| 650 |
0 |
7 |
|a sociální dovednosti
|7 ph138866
|2 czenas
|
| 650 |
0 |
7 |
|a životní problémy
|7 ph128029
|2 czenas
|
| 650 |
0 |
7 |
|a prevence (sociální problémy)
|7 ph138923
|2 czenas
|
| 650 |
0 |
9 |
|a social skills
|2 eczenas
|
| 650 |
0 |
9 |
|a life problems
|2 eczenas
|
| 650 |
0 |
9 |
|a prevention (social work)
|2 eczenas
|
| 655 |
|
7 |
|a příběhy
|7 fd133204
|2 czenas
|
| 655 |
|
7 |
|a publikace pro mládež
|7 fd133157
|2 czenas
|
| 655 |
|
7 |
|a příručky
|7 fd133209
|2 czenas
|
| 655 |
|
9 |
|a stories
|2 eczenas
|
| 655 |
|
9 |
|a juvenile literature
|2 eczenas
|
| 655 |
|
9 |
|a handbooks and manuals
|2 eczenas
|
| 710 |
2 |
|
|a Podpora zvyšování vzdělanosti dětí v zařízeních institucionální péče (projekt)
|7 kn20080327021
|
| 710 |
2 |
|
|a Ostravská univerzita
|7 kn20010709317
|
| 830 |
|
0 |
|a Ústavy
|0 s
|
| 910 |
2 |
|
|a BOA001
|b 4-1202.207
|
| 990 |
|
|
|a BK
|
| 995 |
|
|
|a 01
|
| 991 |
|
|
|b 200805
|c NOV
|
| 996 |
6 |
|
|b 2610341524
|c 4-1202.207
|l MZK
|r Sklad / do 1 hodiny
|n 6
|p p.v.
|w 000889200
|u 000010
|a 1
|e BOA001
|j MZK50
|s P
|